Hillary Clinton Quiz #2 - Statistics

General Stats
  • This quiz has been taken 37 times
  • The average score is 6 of 15
Answer Stats
Hint Answer % Correct
Last Name Clinton
94%
First Name Hillary
94%
Former Last Name Rodham
85%
V.P Nominee Tim Kaine
79%
Primary Opponent Bernie
70%
Campaign Slogan Stronger Together
70%
Twitter Hashtag #ImWithHer
45%
Talk Show Host Supporter Ellen De Generes
36%
What She Cares For (age) Kids
27%
Michelle Obama Quote When they go low we go high
27%
Comfortable Riding It... Subway
6%
Favorite Dinner Classic New York Street Hot Dog
3%
Dessert Nuts for Nuts
3%
Equally Famous to the one above Trumped Up Trickled Down Economics
3%
Virginia Nickname Virwinia
3%
No matching quizzes found
Score Distribution
Percent of People with Each Score
Percentile by Number Answered
Your Score History
You have not taken this quiz